Score 0/26 Timer 05:00
0 Plays Today
Letter Brand % Correct
MMonster Energy
92.7%
XXbox
90.4%
SSkype
84.9%
DDiscovery Channel
84.6%
WWalgreens
76.9%
IIBM
76.8%
EEnterprise Rent-A-Car
75%
CChanel
74.5%
FFirestone Tire and Rubber Company
73.7%
NNetflix
73.3%
GGeneral Mills
70.3%
JJif
69.2%
AAdobe Systems
67.1%
Letter Brand % Correct
RRadioShack
62.8%
QQuickTime
62%
LLions Club International
56.1%
UUniversity of Miami
53.3%
HHillary Clinton
49.8%
BBlu-ray Disc
46.6%
TTumblr, Inc
43.9%
VVimeo
40.6%
ZZipcar
38%
PPandora Internet Radio
32%
OOverstock.com
30.2%
KKleenex
16.5%
YYammer
6.2%

You're not logged in!

Compare scores with friends on all Sporcle quizzes.
OR
Log In

Sporcle TV

Today on Sporcle TV


Watch our educational content, quiz creation guides, and fun videos on Sporcle TV.

Show Comments

Extras

Top Quizzes Today


Score Distribution

Paid Content

Your Account Isn't Verified!

In order to create a playlist on Sporcle, you need to verify the email address you used during registration. Go to your Sporcle Settings to finish the process.

Report this User

Report this user for behavior that violates our Community Guidelines.

Details: